000 00240nam a2200097Ia 4500
008 240331s9999 xx 000 0 und d
082 _bRIC
100 _aRichardson, J
245 0 _aPoorin Padippinaikal - 3 :
_bNambikkaiyin Malarchi
942 _cL
999 _c5744
_d5744